| 000 | 00542cam a22001217a 4500 | ||
|---|---|---|---|
| 008 | 180718b-- xxu||||| |||| 00| 0 eng d | ||
| 082 | _aL906x5442 E | ||
| 245 |
_aEpitome of CAG's reports on the Government of Maharashtra _cby Office of the Principal Accountant General (Audit)-I, Maharashtra |
||
| 260 |
_aMumbai _bOffice of the Principal Accountant General (Audit)-I _c-- |
||
| 500 | _aLibrary has 2001/02, 2003/04-2005/06 | ||
| 650 | _aAuditing - India - Maharashtra | ||
| 700 | _aMaharashtra. Office of the Principal Accountant General (Audit)-I | ||
| 999 |
_c486661 _d486661 |
||